Hardcore General Knowledge #5 - Statistics

General Stats
  • This quiz has been taken 42 times
  • The average score is 2 of 15
Answer Stats
Hint Answer % Correct
Correctly spell the chemical that releases energy when converted to ADP. Adenosine Triphosphate
43%
What musical tempo is faster than presto? Prestissimo
38%
What element of the periodic table has the largest atomic radius? Francium
32%
How many space shuttle missions were there? 135
19%
According to the CIA World Factbook, what is the least urban sovereign nation on Earth? Papua New Guinea
14%
What body of water saw the world's largest ever recorded wave, in 1958? Lituya Bay
11%
What is the file extension for a Microsoft Access database? MDB
11%
What country has exactly 100 subway stations? Sweden
8%
In 1972, the world's first video game console was released, with very limited capabilities. What was it called? Magnavox Odyssey
5%
Which musician was famously accused of plagiarizing their own work in the 1980s? John Fogerty
3%
What is the oldest active domain name registered on the internet? symbolics.com
3%
What 1938 short story features a group of scientists in Antarctica who discover a "Thing" that imitates humans and tries to take over the world? Who Goes There?
3%
Who was the third unique prime minister of Canada? John Abbott
0%
What word either refers to a type of theft or is the meaning of the word "susurration"? Rustling
0%
What book was once priced at 24 million dollars on Amazon? The Making of a Fly
0%
No matching quizzes found
Score Distribution
Percent of People with Each Score
Percentile by Number Answered
Your Score History
You have not taken this quiz